| 000 | 00959nam a22002297a 4500 | ||
|---|---|---|---|
| 005 | 20250328145838.0 | ||
| 008 | 250328b |||||||| |||| 00| 0 eng d | ||
| 020 | _a978-93-5775-546-7 (pbk) | ||
| 037 | _cTB | ||
| 040 |
_aCRL _cCRl |
||
| 041 |
_2hin _ahin |
||
| 084 |
_aO152,3N54,MR R4 _qCRL |
||
| 100 | _aराय, हरियश | ||
| 245 |
_aमाटी - राग: _bकर्ज़ में फँसी माटी की धड़कनों की कथा |
||
| 260 |
_aनई दिल्ली, भारत: _bवाणी प्रकाशन, _c2024 |
||
| 300 | _a220पृ0 | ||
| 365 |
_b425.00 _cINR |
||
| 650 | _aहिन्दी उपन्यास | ||
| 650 | _aहिन्दी साहित्य | ||
| 942 |
_2CC _cTB _hO152,3N54,MR R4 _n0 |
||
| 999 |
_c1308267 _d1308267 |
||